000 02130cam a2200433 i 4500
001 193324
003 SpMaBN
005 20250825062730.0
007 ta
008 110802s2023 sp | |||| 000 0 spa
017 _aB 40755-2011
_bOficina Depósito Legal Barcelona
020 _a9788492649839
035 _a(OCoLC)776614035
040 _aSpMaBN
_bspa
_cSpMaBN
_erdc
080 _a929 Fouché, Joseph, duc d'Otrante
100 1 _aZweig, Stefan,
_d1881-1942
_0XX1721513
_9118562
_eaut
245 1 0 _aFouché :
_bretrato de un hombre político /
_cStefan Zweig ; traducción del alemán de Carlos Fortea
250 _aDecimocuarta reimpresión abril de 2023
260 _aBarcelona :
_bAcantilado,
_c2023
300 _a279 páginas ;
_c21 cm
336 _2rdacontent
_aTexto
337 _2rdamedia
_asin mediación
338 _2rdacarrier
_avolumen
490 1 _aEl Acantilado ;
_v217
500 _aÍndice
520 _aLa ambición y la intriga son las únicas pasiones de este hombre político, carente de escrúpulos y moral, que navega a través de las convulsiones sociales y políticas de la Francia revolucionaria y del imperio sin mudar el gesto. Como muy bien dice Zweig: «Los gobiernos, las formas de Estado, las opiniones, los hombres cambian, todo se precipita y desaparece en ese furioso torbellino del cambio de siglo, sólo uno se queda siempre en el mismo sitio, al servicio de todos y de todas las ideas: Joseph Fouché».
600 1 4 _aFouché, Joseph,
_d1759-1820
_951924
655 0 _aBiografías
_9176647
700 1 _aFortea, Carlos,
_d1963-
_etrl
_951844
830 _9179782
_aEl Acantilado
852 _aES-MaACL
_bR. 154702
_cDEPOJ
_jN-9476
_9200770
_hDonación: Carlos Fortea
_xEncuadernación rústica con solapas
903 _aFortea, Carlos,
_d1963-
_ednr
_951844
942 _n0
_cMONOGRAFIA
999 _c193324
_d193324